1625 1541 1009 1333 1928 1224 1334 1503 1305 1161 1120 1688 1587 1577 1733 1794 1928 1951 1273 1245 1512 1550 1178 1641 1008 1911 1910 1095 1359 1568 1787 1450 1697 1651 1683 1169 1367 1041 1773 1028 1486 1910 1537 1892 1677 1989 1822 1177 1838 1487 1726 1716 1375 1638 1440 1929 1605 1320 1843 1037 1672 1984 1464 1011 1990 1822 1154 1808 1295 1678 1111 1660 1445 1858 1193 1809 1921 1359 1952 1686 1869 1656 1045 1554 1908 1075 1839 1735 1716 1572 1487 1775 1171 1793 1504 1064 1987 1396 1183 BCNSPRNW ULIB Ver.6.0+V

เปลี่ยนเป็นภาษาไทย

Change to English
 แสดงรายละเอียดบรรณานุกรม
  กลับหน้าหลัก

Brief Record : Get Marc (ISO 2709) : E-mail record : QR code < ปิดหน้าต่าง
LEADER : 00000nam 2200000uu 4500
001    13399112065
003     ULIB
008    110627s2552||||th 000 0 tha d
020    9786117002014
090    นว.^bช245ม 2552
100 0  ชลาลัย
245 00 เมียนอกหัวใจ/^cชลาลัย
250    พิมพ์ครั้งที่ 1
260    กรุงเทพฯ :^bSugar Beat,^c2552
300    336 หน้า
710 1  Sugar Beat
945    ^p220^l0^i026023
995    ทศพร
999 ^a ใช้งานได้ทุกระบบ
รายการนี้ยังไม่มีแท็ก
คุณยังไม่ได้ล็อกอิน คุณสามารถมีกิจกรรมร่วมกับเว็บไซต์ได้ แต่ต้องล็อกอินก่อน ::
  ล็อกอิน

รายการสื่อสารสนเทศ

ลำดับที่ ประเภท เลขเรียก/บาร์โค้ด สถานที่ สถานะ
- ไม่พบข้อมูล -

รายการใกล้เคียง
    ผู้แต่ง [ชลาลัย]

BibComment


ยังไม่เคยถูกคอมเมนท์

คอมเมนท์ทรัพยากรรายการนี้
  คอมเมนท์: เมียนอกหัวใจ ชลาลัย


 Copyright 2026. Bcnsprnw @Library